000 00461nam a2200181Ia 4500
001 2532
005 20260306144814.0
008 260306t2016||||xx |||||||||||||| ||spa||
041 _aESP
082 _a616.8914
_bP75
100 _aPollak, Susan M.
_eAUT
245 0 _aSentarse juntos:
_bhabilidades esenciales para una psicoterapia basada en el mindfulness
260 _c2016
300 _a
_c
650 _aGEN
654 _aCPS
942 _cLIB
_dJUS
_fJUS
_2ddc
_n
999 _c2532
_d2532